MARC details
| 000 -CABECERA |
| campo de control de longitud fija |
00873nam a2200253 u 4500 |
| 005 - FECHA Y HORA DE LA ÚLTIMA TRANSACCIÓN |
| campo de control |
20240831063802.0 |
| 008 - ELEMENTOS DE LONGITUD FIJA--INFORMACIÓN GENERAL |
| campo de control de longitud fija |
150218s1992 r 000 0 eng d |
| 020 ## - NÚMERO INTERNACIONAL NORMALIZADO PARA LIBROS |
| Número Internacional Estándar del Libro |
8476470436 |
| 035 ## - NÚMERO DE CONTROL DEL SISTEMA |
| Número de control de sistema |
UPN01000201794 |
| 049 ## - COLECCIÓN |
| Colección |
I |
| 050 #4 - SIGNATURA TOPOGRÁFICA DE LA BIBLIOTECA DEL CONGRESO |
| Número de clasificación |
PQ6668 O3.75 |
| Número de documento/Ítem |
A5.4 |
| 100 1# - ASIENTO PRINCIPAL--NOMBRE PERSONAL |
| Nombre de persona |
Rodríguez Almodóvar, Antonio, |
| Fechas asociadas al nombre |
1941- |
| 9 (RLIN) |
30636 |
| 245 14 - MENCIÓN DE TÍTULO |
| Título |
Los animales miedosos ; El tonto de mi pueblo ; Los tres toritos ; El medio pollito y el medio real / |
| Mención de responsabilidad, etc. |
A. R. Almodóvar ; il. Roser Rius. |
| 260 ## - PUBLICACIÓN, DISTRIBUCIÓN, ETC. |
| Lugar de publicación, distribución, etc. |
Salamanca, Esp. : |
| Nombre del editor, distribuidor, etc. |
Algaida, |
| Fecha de publicación, distribución, etc. |
1992. |
| 300 ## - DESCRIPCIÓN FÍSICA |
| Extensión |
72 p. : |
| Otras características físicas |
il. col. |
| 440 #0 - MENCIÓN DE SERIE/ASIENTO SECUNDARIO--TÍTULO |
| Título |
Cuentos de la media lunita ; |
| Designación de volumen o secuencia |
4 |
| 650 #4 - ASIENTO SECUNDARIO DE MATERIA - TERMINO TEMATICO |
| Término de materia o nombre geográfico como elemento de entrada |
Cuentos infantiles españoles |
| 9 (RLIN) |
7725 |
| 650 #4 - ASIENTO SECUNDARIO DE MATERIA - TERMINO TEMATICO |
| Término de materia o nombre geográfico como elemento de entrada |
Libros y lectura para niños |
| 9 (RLIN) |
2290 |
| 740 3# - ASIENTO SECUNDARIO - TÍTULOS RELACIONADOS /ANALITICOS NO CONTROLADOS |
| Título relacionado o analítico no controlado |
El tonto de mi pueblo |
| 740 4# - ASIENTO SECUNDARIO - TÍTULOS RELACIONADOS /ANALITICOS NO CONTROLADOS |
| Título relacionado o analítico no controlado |
Los tres toritos |
| 740 3# - ASIENTO SECUNDARIO - TÍTULOS RELACIONADOS /ANALITICOS NO CONTROLADOS |
| Título relacionado o analítico no controlado |
El medio pollito y el medio real |
| 905 ## - TIPO DE MATERIAL |
| Tipo de material |
Infantil |